000 00359nam a2200145 a 4500
005 20140412111425.0
008 090224s19uu xx 00 eng d
050 _aER
_bPi65
100 _aHerring, A.K.
245 _aPinocchio /
_cA.K. Herring.
260 _aTokyo :
_bFroebel-Kan.
300 _aunp
440 _aThe World of fairy tales
999 _c106198
_d106198